| 000 | 00000nam##2200000za#4500 |
| 001 | 9.604036 |
| 003 | CaOODSP |
| 005 | 20260128153021 |
| 007 | cr ||||||||||| |
| 008 | 150406|1999||||xxc|||||o f|0| 0 fre|d |
| 022 | |a1488-545X |
| 040 | |aCaOODSP|bfre |
| 043 | |an-cn--- |
| 086 | 1 |aFs97-6/2281F-PDF |
| 110 | 2 |aInstitut Maurice-Lamontagne. |
| 245 | 10|aCommunautés ichtyennes côtières de l'estuaire du Saint-Laurent en 1996 et 1997 : |h[ressource électronique]|bsuite du suivi ichtyologique (1986-1995) / |c[par] S. Bérubé et J.-D. Lambert. |
| 260 | |aMont-Joli - Québec : |bPêches et Océans Canada. |cc1999. |
| 300 | |a70p.|bfigures, graphiques, carte, références, tableaux |
| 490 | 1 |aRapport technique canadien des sciences halieutiques et aquatiques|x1488-545X|vN° 2281 |
| 500 | |aLe n° de catalogue (FS97-6/2281F) et l'ISSN (0706-6570) de l'édition imprimée ont été incorrectement copiés dans l'édition électronique. |
| 546 | |a(Abstract in English) |
| 590 | |a12-23-Supp|b2012-05-28 |
| 720 | 1 |aBérubé, S. |
| 720 | 1 |aLambert, J. -D. |
| 776 | 0#|tCommunautés ichtyennes côtières de l'estuaire du Saint-Laurent en 1996 et 1997 : |w(CaOODSP)9.625133 |
| 830 | #0|aRapport technique canadien des sciences halieutiques et aquatiques,|x1488-545X|vN° 2281|w(CaOODSP)9.500867 |
| 856 | 40|ahttp://publications.gc.ca|qPDF|s3.36 Mo|uhttps://publications.gc.ca/collections/collection_2012/mpo-dfo/Fs97-6-2281-fra.pdf|yN° 2281 |